00742nam a2200205 i 4500001000700000003000900007007000300016008004100019080002500060100002800085245006600113260003800179300002200217490004300239500002900282830005100311852003300362999001900395952012200414105884ES-MaACLt|060907s1965 ag ||||1| spa d a821.134.2(85)-34"19"1 aAlegría, Ciro.91967910aDuelo de caballeros b: cuentos y relatos / cCiro Alegría. aBuenos Aires : bLosada, c[1965] a117 p. ; c18 cm.1 aBiblioteca clásica y contemporánea aBiblioteca Juan Andrade.00aBiblioteca clásica y contemporánea9181053 aES-MaACLjAND-870 bR.110158 c105884d105884 00104070aATENEOMbATENEOMcDEPO2d2008-01-17eSCl0oAND-870p1110543r2023-02-23 00:00:00w2023-02-23yMONOGRAFIA